| 000 | 01042cam a2200277 a 4500 | ||
|---|---|---|---|
| 999 |
_c330228 _d330228 |
||
| 001 | 707409 | ||
| 003 | NUST | ||
| 005 | 20170614123210.0 | ||
| 008 | 970212s1997 flua b 001 0 eng | ||
| 010 | _a 97007698 | ||
| 020 | _a0873719980 (acidfree paper) | ||
| 040 |
_aDLC _cDLC _dDLC |
||
| 050 | 0 | 0 |
_aTD193 _b.B37 1997 |
| 082 | 0 | 0 |
_a577.14 CON _221 |
| 245 | 0 | 0 |
_aBasic concepts of environmental chemistry / _cDes W. Connell ... [et al.]. |
| 246 | 3 | 0 | _aEnvironmental chemistry |
| 260 |
_aBoca Raton : _bLewis Publishers, _cc1997. |
||
| 300 |
_a506 p. : _bill. ; _c25 cm. |
||
| 500 | _aH.B | ||
| 504 | _aIncludes bibliographical references and index. | ||
| 650 | 0 |
_aEnvironmental chemistry. _9441 |
|
| 700 | 1 |
_aConnell, D. W. _92660 |
|
| 906 |
_a7 _bcbc _corignew _d1 _eocip _f19 _gy-gencatlg |
||
| 942 |
_2ddc _cBK _kIESE |
||